| 000 | 00473nam a2200193Ia 4500 | ||
|---|---|---|---|
| 003 | OSt | ||
| 005 | 20230615152036.0 | ||
| 008 | 221221s9999 xx 000 0 und d | ||
| 020 | _a0-536-97113-7 | ||
| 040 | _cChuka University Library | ||
| 050 |
_aPE 1408 _bT75 2005 |
||
| 100 |
_aTRIMBUR,JOHN _92618 |
||
| 245 | 4 | _aTHE CALL TO WRITE | |
| 250 | _a3rd ed | ||
| 260 |
_aNEW YORK _bPEARSON _c2005 |
||
| 300 | _avarious paging | ||
| 650 |
_aWriting _99581 |
||
| 942 |
_cBK _2lcc |
||
| 999 |
_c3514 _d3514 |
||